[Event "16. Obert Int. Sant Martí 2014 Grupo B"]
[Site "Barcelona ESP"]
[Date "2014.07.20"]
[Round "8.39"]
[White "Martin Sanchez, Antoni"]
[Black "Febrero Perez, Lluis"]
[Result "1-0"]
[WhiteElo "1825"]
[BlackElo "1887"]
[PlyCount "75"]
[EventDate "2014.07.13"]
[EventType "swiss"]
[EventRounds "9"]
[EventCountry "ESP"]
[Source "lmi"]
[SourceDate "2014.07.13"]

1. d4 Nf6 2. Nf3 g6 3. c3 Bg7 4. Nbd2 O-O 5. e4 e6 6. Bd3 b6 7. O-O Bb7 8. Re1
d6 9. Qc2 Nbd7 10. Nc4 d5 11. Ncd2 dxe4 12. Nxe4 Nd5 13. Bd2 e5 14. dxe5 Nxe5
15. Nxe5 Bxe5 16. Bh6 Re8 17. Bg5 Qc8 18. f4 Bg7 19. Qf2 Qd7 20. Rad1 Qc6 21.
Qe2 a6 22. Bc2 h6 23. Bh4 Nxf4 24. Qf3 g5 25. Bg3 Ng6 26. Bb3 Rf8 27. Bd5 Qb5
28. Bxb7 Ra7 29. Bd5 Qxb2 30. Nf6+ Kh8 31. Rf1 c5 32. Rb1 Qa3 33. Rxb6 Qa5 34.
Rbb1 Qd8 35. Nh5 Be5 36. Bxe5+ Nxe5 37. Qe4 Qd6 38. Rf6 1-0

[Event "16. Obert Int. Sant Martí 2014 Grupo B"]
[Site "Barcelona ESP"]
[Date "2014.07.20"]
[Round "8.40"]
[White "Negreira Rodriguez, Daniel"]
[Black "Riu Lopez, Sergi"]
[Result "0-1"]
[WhiteElo "1786"]
[BlackElo "1882"]
[PlyCount "68"]
[EventDate "2014.07.13"]
[EventType "swiss"]
[EventRounds "9"]
[EventCountry "ESP"]
[Source "lmi"]
[SourceDate "2014.07.13"]

1. e4 e5 2. Nf3 Nc6 3. Bc4 Bc5 4. d3 d6 5. Nc3 h6 6. a3 Nf6 7. Be3 Bb6 8. Qd2
O-O 9. h3 Be6 10. Nd5 Bxd5 11. exd5 Nd4 12. O-O-O Qd7 13. Nh2 Nf5 14. g4 Bxe3
15. fxe3 Nh4 16. Qf2 Ng6 17. Rdg1 b5 18. Bb3 a5 19. g5 hxg5 20. Ng4 Nxg4 21.
Rxg4 f6 22. a4 bxa4 23. Bxa4 Qe7 24. c3 Rab8 25. Rhg1 Qf7 26. Bc6 Ne7 27. Bd7
Nxd5 28. Bf5 Ne7 29. Kb1 Nxf5 30. Qxf5 Rxb2+ 31. Kxb2 Rb8+ 32. Ka1 Qb3 33. R4g2
Qa3+ 34. Ra2 Qxc3+ 0-1

[Event "16. Obert Int. Sant Martí 2014 Grupo B"]
[Site "Barcelona ESP"]
[Date "2014.07.20"]
[Round "8.41"]
[White "Sanchez Paz, Josep"]
[Black "Baum, Jonasz"]
[Result "1-0"]
[WhiteElo "1882"]
[BlackElo "1632"]
[PlyCount "45"]
[EventDate "2014.07.13"]
[EventType "swiss"]
[EventRounds "9"]
[EventCountry "ESP"]
[Source "lmi"]
[SourceDate "2014.07.13"]

1. d4 Nf6 2. c4 e5 3. dxe5 Ng4 4. a3 Nxe5 5. e4 a5 6. f4 Nec6 7. Nf3 Bc5 8. Nc3
O-O 9. Bd3 Re8 10. Nd5 d6 11. e5 dxe5 12. Bxh7+ Kh8 13. f5 e4 14. Ng5 g6 15.
Nxf7+ Kxh7 16. fxg6+ Kxg6 17. Nxd8 Rxd8 18. Rf1 Kg7 19. Qh5 Be6 20. Qh6+ Kg8
21. Qxe6+ Kg7 22. Rf7+ Kg8 23. Qg6+ 1-0

[Event "16. Obert Int. Sant Martí 2014 Grupo B"]
[Site "Barcelona ESP"]
[Date "2014.07.20"]
[Round "8.42"]
[White "Poyato Duran, David"]
[Black "Zia, Tahsin Tajwar"]
[Result "1-0"]
[WhiteElo "1878"]
[BlackElo "1258"]
[PlyCount "39"]
[EventDate "2014.07.13"]
[EventType "swiss"]
[EventRounds "9"]
[EventCountry "ESP"]
[Source "lmi"]
[SourceDate "2014.07.13"]

1. d4 d5 2. c4 e6 3. Nc3 Nf6 4. Bg5 Bb4 5. Qc2 c5 6. dxc5 dxc4 7. a3 Bxc5 8.
Ne4 Be7 9. e3 Nxe4 10. Bxe7 Qxe7 11. Qxe4 Nc6 12. Bxc4 Qg5 13. Ne2 O-O 14. O-O
Rb8 15. Rfd1 b6 16. Bd3 Qg6 17. Qxc6 Bb7 18. Qxb7 Rxb7 19. Bxg6 hxg6 20. Rac1
1-0

[Event "16. Obert Int. Sant Martí 2014 Grupo B"]
[Site "Barcelona ESP"]
[Date "2014.07.20"]
[Round "8.43"]
[White "Corominas Garrido, Antoni"]
[Black "Solís Calancha, Jordi"]
[Result "1-0"]
[WhiteElo "2034"]
[BlackElo "1810"]
[PlyCount "65"]
[EventDate "2014.07.13"]
[EventType "swiss"]
[EventRounds "9"]
[EventCountry "ESP"]
[Source "lmi"]
[SourceDate "2014.07.13"]

1. c4 e5 2. Nc3 Nf6 3. g3 Nc6 4. Bg2 Bc5 5. d3 d6 6. Nf3 h6 7. a3 a6 8. O-O O-O
9. Rb1 Rb8 10. b4 Ba7 11. a4 Ne7 12. Ba3 c6 13. b5 axb5 14. axb5 Bf5 15. Nd2
Bd4 16. Nce4 Nxe4 17. Nxe4 Ra8 18. Bxd6 Bxe4 19. Bxe7 Qxe7 20. Bxe4 f5 21. Bg2
f4 22. bxc6 bxc6 23. Bxc6 Ra2 24. Bf3 fxg3 25. hxg3 Qg5 26. Kg2 h5 27. c5 Rd2
28. Qb3+ Kh7 29. Qd5 Rf5 30. Be4 Kh6 31. Rb6+ Rf6 32. Qg8 Qxg3+ 33. Kxg3 1-0

[Event "16. Obert Int. Sant Martí 2014 Grupo B"]
[Site "Barcelona ESP"]
[Date "2014.07.20"]
[Round "8.44"]
[White "Sanchez Coves, Joan Josep"]
[Black "Vicente Soriano, Josep"]
[Result "1-0"]
[WhiteElo "1842"]
[BlackElo "1962"]
[PlyCount "31"]
[EventDate "2014.07.13"]
[EventType "swiss"]
[EventRounds "9"]
[EventCountry "ESP"]
[Source "lmi"]
[SourceDate "2014.07.13"]

1. Nf3 Nf6 2. g3 g6 3. Bg2 Bg7 4. O-O O-O 5. d3 d6 6. h3 e5 7. e4 Nc6 8. Be3 h6
9. Qd2 Kh7 10. Nc3 Be6 11. g4 Qd7 12. Bxh6 Bxh6 13. g5 Nd4 14. Nxd4 exd4 15.
Nd5 Bxd5 16. exd5 1-0

[Event "16. Obert Int. Sant Martí 2014 Grupo B"]
[Site "Barcelona ESP"]
[Date "2014.07.20"]
[Round "8.45"]
[White "Mas Sayos, Lluis"]
[Black "Escofet Llongueras, Joan"]
[Result "0-1"]
[WhiteElo "1823"]
[BlackElo "1947"]
[PlyCount "140"]
[EventDate "2014.07.13"]
[EventType "swiss"]
[EventRounds "9"]
[EventCountry "ESP"]
[Source "lmi"]
[SourceDate "2014.07.13"]

1. Nf3 Nf6 2. c4 g6 3. Nc3 Bg7 4. g3 O-O 5. Bg2 c6 6. O-O d5 7. cxd5 cxd5 8. d4
Nc6 9. Bf4 Qb6 10. Na4 Qd8 11. Rc1 Ne4 12. Nc5 Nxc5 13. Rxc5 e6 14. Qd2 Bd7 15.
Bg5 Qb6 16. Rfc1 Rfc8 17. Bh6 Bf6 18. Qf4 Qd8 19. Bg5 Kg7 20. Bh6+ Kg8 21. e3
Bg7 22. Bxg7 Kxg7 23. Qd6 Be8 24. Qxd8 Rxd8 25. Ne5 Nxe5 26. dxe5 Bc6 27. Kf1
a6 28. Ke1 f6 29. f4 fxe5 30. fxe5 Kf7 31. R5c2 Ke7 32. Rf2 Rf8 33. Rcc2 Rf5
34. Rf4 Rxe5 35. Rcf2 Rf5 36. Bh3 Rxf4 37. gxf4 Rc8 38. Kd2 Rf8 39. Rg2 d4 40.
Rg3 dxe3+ 41. Kxe3 Kf6 42. Bg4 e5 43. fxe5+ Kxe5 44. h4 h5 45. Be2 Be4 46. Rg5+
Bf5 47. Bd3 Kf6 48. Bxf5 gxf5 49. Rxh5 Re8+ 50. Kf3 Kg6 51. Rg5+ Kf6 52. Rg2
Re4 53. Rh2 Kg6 54. Rg2+ Kh6 55. Rg8 Kh7 56. Rg5 Rxh4 57. Rxf5 Kg6 58. Rd5 Kf6
59. Rd7 Rb4 60. b3 Ke6 61. Rd3 Ke5 62. Ke3 Rh4 63. a3 Re4+ 64. Kd2 Rd4 65. b4
Kd5 66. Kc3 Rxd3+ 67. Kxd3 b5 68. Ke3 Kc4 69. Ke4 Kb3 70. Kd4 Kxa3 0-1

[Event "16. Obert Int. Sant Martí 2014 Grupo B"]
[Site "Barcelona ESP"]
[Date "2014.07.20"]
[Round "8.46"]
[White "Pascual Duran, Pau"]
[Black "Subirana Santos, Marc"]
[Result "0-1"]
[WhiteElo "1762"]
[BlackElo "1912"]
[PlyCount "66"]
[EventDate "2014.07.13"]
[EventType "swiss"]
[EventRounds "9"]
[EventCountry "ESP"]
[Source "lmi"]
[SourceDate "2014.07.13"]

1. e4 g6 2. d4 Bg7 3. Nc3 a6 4. Nf3 d6 5. Be3 Nd7 6. Qd2 h5 7. Bd3 b5 8. O-O
Bb7 9. Rae1 e5 10. d5 Ngf6 11. b4 Ng4 12. Bg5 f6 13. h3 fxg5 14. Nxg5 Bh6 15.
f4 exf4 16. Nf3 Nge5 17. Ne2 Nxf3+ 18. Rxf3 g5 19. e5 Nxe5 20. Nd4 O-O 21. Rff1
Bxd5 22. Nf5 Qf6 23. Qd1 Nxd3 24. Nxh6+ Qxh6 25. Qxd3 Bc4 26. Qd4 Bxf1 27. Qd5+
Kh8 28. Kxf1 Qg7 29. h4 Rae8 30. Rxe8 Rxe8 31. hxg5 Qa1+ 32. Kf2 Qe1+ 33. Kf3
Qg3# 0-1

[Event "16. Obert Int. Sant Martí 2014 Grupo B"]
[Site "Barcelona ESP"]
[Date "2014.07.20"]
[Round "8.47"]
[White "Izquierdo Pujol, Pol"]
[Black "Muratet Carmona, Alexandra"]
[Result "0-1"]
[WhiteElo "1721"]
[BlackElo "1901"]
[PlyCount "78"]
[EventDate "2014.07.13"]
[EventType "swiss"]
[EventRounds "9"]
[EventCountry "ESP"]
[Source "lmi"]
[SourceDate "2014.07.13"]

1. e4 c5 2. Nf3 Nc6 3. Bc4 e6 4. Nc3 a6 5. a4 Qc7 6. d3 Nf6 7. Be3 Be7 8. Qd2
d6 9. O-O O-O 10. Rfe1 Rd8 11. Bf4 Qd7 12. e5 Ne8 13. exd6 Nxd6 14. Bxd6 Bxd6
15. Ne4 h6 16. g4 e5 17. h3 Be7 18. c3 Kf8 19. Qe3 b6 20. Ng3 Bd6 21. Nf5 f6
22. N3h4 Qe8 23. Nxh6 Ne7 24. N6f5 Bxf5 25. Nxf5 Nxf5 26. gxf5 Qh5 27. Be6 Bc7
28. Rad1 Rd6 29. Kg2 Rad8 30. Qg3 Qh6 31. Re3 Bb8 32. Re4 b5 33. Rh4 Qg5 34.
Rg4 Qh6 35. axb5 axb5 36. Rxg7 Qxg7 37. h4 Rxd3 38. Qxg7+ Kxg7 39. Rxd3 Rxd3
0-1

[Event "16. Obert Int. Sant Martí 2014 Grupo B"]
[Site "Barcelona ESP"]
[Date "2014.07.20"]
[Round "8.48"]
[White "Cassi De La Viuda, Àlex"]
[Black "Sanchez Viana, Jordi"]
[Result "0-1"]
[WhiteElo "1700"]
[BlackElo "1862"]
[PlyCount "60"]
[EventDate "2014.07.13"]
[EventType "swiss"]
[EventRounds "9"]
[EventCountry "ESP"]
[Source "lmi"]
[SourceDate "2014.07.13"]

1. e4 c5 2. Nf3 Nc6 3. d4 cxd4 4. Nxd4 d6 5. c4 Nf6 6. Nc3 g6 7. Be3 Bg7 8. f3
O-O 9. Qd2 Bd7 10. O-O-O Rc8 11. Kb1 Ne5 12. b3 a5 13. a4 Nc6 14. Ndb5 Be6 15.
h4 Nd7 16. Bh6 Nc5 17. Ka2 Nb4+ 18. Ka3 f5 19. Bxg7 Kxg7 20. h5 Rh8 21. hxg6
hxg6 22. Qd4+ Kf7 23. Rxh8 Qxh8 24. Qxh8 Rxh8 25. exf5 Bxf5 26. g4 Bc2 27. Re1
Rh1 28. Nd1 Ncd3 29. Re2 Rxf1 30. Ne3 Ra1# 0-1

[Event "16. Obert Int. Sant Martí 2014 Grupo B"]
[Site "Barcelona ESP"]
[Date "2014.07.20"]
[Round "8.49"]
[White "Serentill Tost, Eduard"]
[Black "Kazmierczak, Ewa"]
[Result "1-0"]
[WhiteElo "1854"]
[BlackElo "1563"]
[PlyCount "105"]
[EventDate "2014.07.13"]
[EventType "swiss"]
[EventRounds "9"]
[EventCountry "ESP"]
[Source "lmi"]
[SourceDate "2014.07.13"]

1. e4 e6 2. d4 d5 3. Nc3 Nf6 4. Bg5 dxe4 5. Nxe4 Be7 6. Nxf6+ Bxf6 7. Bxf6 Qxf6
8. Qd2 c5 9. O-O-O cxd4 10. Nf3 O-O 11. Qxd4 Qxd4 12. Nxd4 Bd7 13. Bd3 Rc8 14.
h4 Nc6 15. Be4 Rab8 16. Rd2 Nxd4 17. Rxd4 Rc7 18. Rhd1 Be8 19. Rd8 Rxd8 20.
Rxd8 Kf8 21. c3 b6 22. Bc2 Ke7 23. Rd4 g6 24. Kd2 Bc6 25. f3 Rd7 26. Ke3 Rxd4
27. Kxd4 Kd6 28. Be4 e5+ 29. Kd3 Bxe4+ 30. Kxe4 f5+ 31. Kd3 h6 32. b4 a6 33. a4
g5 34. hxg5 hxg5 35. Kc4 Kc6 36. Kd3 Kd5 37. c4+ Kd6 38. Ke3 Kc6 39. Kd3 b5 40.
axb5+ axb5 41. cxb5+ Kxb5 42. Kc3 g4 43. fxg4 fxg4 44. g3 e4 45. Kd4 Kxb4 46.
Kxe4 Kc5 47. Kf4 Kd6 48. Kxg4 Ke6 49. Kg5 Ke7 50. Kg6 Kf8 51. g4 Ke8 52. g5 Ke7
53. Kh7 1-0

[Event "16. Obert Int. Sant Martí 2014 Grupo B"]
[Site "Barcelona ESP"]
[Date "2014.07.20"]
[Round "8.50"]
[White "Cervera Lopez, Miguel"]
[Black "Valbuena Castro, Gregorio"]
[Result "0-1"]
[WhiteElo "1700"]
[BlackElo "1851"]
[PlyCount "130"]
[EventDate "2014.07.13"]
[EventType "swiss"]
[EventRounds "9"]
[EventCountry "ESP"]
[Source "lmi"]
[SourceDate "2014.07.13"]

1. d4 c5 2. Nf3 cxd4 3. Nxd4 e5 4. Nf3 e4 5. Nd4 d5 6. e3 Nf6 7. Bb5+ Nbd7 8.
Nc3 a6 9. Ba4 Bb4 10. Bd2 Qa5 11. Bb3 O-O 12. a3 Bxc3 13. Bxc3 Qc7 14. f4 exf3
15. Qxf3 Ne4 16. O-O Nxc3 17. bxc3 Nf6 18. h3 Ne4 19. Rad1 Nxc3 20. Rd3 Be6 21.
Ne2 Nxe2+ 22. Qxe2 Qe5 23. Rd4 Rac8 24. Qd3 Rc7 25. Rff4 Rfc8 26. Rfe4 Qg3 27.
Rh4 g6 28. Qd2 Rc3 29. Kf1 Qxe3 30. Qxe3 Rxe3 31. Kf2 Rcc3 32. Rhf4 Re5 33. Rb4
b5 34. a4 bxa4 35. Bxa4 Rf5 36. Rxf5 Bxf5 37. Rb2 Ra3 38. Bb3 Be4 39. g3 a5 40.
Ra2 Rxa2 41. Bxa2 Bxc2 42. Bxd5 a4 43. Ke2 Bf5 44. g4 Be6 45. Be4 a3 46. Bb1 a2
47. Bxa2 Bxa2 48. Kf3 g5 49. Kg3 Kg7 50. h4 gxh4+ 51. Kxh4 Kg6 52. Kg3 Kg5 53.
Kf3 Be6 54. Kg3 Bxg4 55. Kg2 f5 56. Kg3 f4+ 57. Kf2 Kh4 58. Kg2 f3+ 59. Kf2 Kh3
60. Kg1 Kg3 61. Kh1 Bd7 62. Kg1 Bc6 63. Kf1 f2 64. Ke2 Kg2 65. Ke3 f1=Q 0-1

[Event "16. Obert Int. Sant Martí 2014 Grupo B"]
[Site "Barcelona ESP"]
[Date "2014.07.20"]
[Round "8.51"]
[White "Rius Riu, Gerard"]
[Black "Larios Jimenez, Rafael"]
[Result "1/2-1/2"]
[WhiteElo "1846"]
[BlackElo "1791"]
[PlyCount "135"]
[EventDate "2014.07.13"]
[EventType "swiss"]
[EventRounds "9"]
[EventCountry "ESP"]
[Source "lmi"]
[SourceDate "2014.07.13"]

1. d4 Nf6 2. Nf3 e6 3. c4 b6 4. g3 Bb7 5. Bg2 Bb4+ 6. Bd2 Bxd2+ 7. Nbxd2 d6 8.
O-O Nbd7 9. Re1 O-O 10. Rc1 c5 11. e4 cxd4 12. Nxd4 a6 13. N2b3 Nc5 14. Nxc5
dxc5 15. Nb3 Qxd1 16. Rcxd1 Rad8 17. e5 Bxg2 18. Kxg2 Nh5 19. Rd6 Rxd6 20. exd6
Nf6 21. Rd1 Rd8 22. Kf3 Kf8 23. Kf4 Ke8 24. Rd3 Kd7 25. Nd2 Kc6 26. Nf3 Nd7 27.
Ne5+ Nxe5 28. Kxe5 Kd7 29. g4 f6+ 30. Kf4 g5+ 31. Ke4 Rh8 32. a3 h5 33. Rh3 h4
34. Rf3 Rf8 35. Rb3 Kc6 36. Rd3 Rf7 37. d7 Rxd7 38. Rxd7 Kxd7 39. f4 Kd6 40. f5
b5 41. b3 bxc4 42. bxc4 a5 43. h3 a4 44. fxe6 Kxe6 45. Kd3 Ke5 46. Ke3 f5 47.
gxf5 Kxf5 48. Kf3 Ke5 49. Ke3 g4 50. hxg4 h3 51. Kf3 h2 52. Kg2 Kf4 53. Kxh2
Kxg4 54. Kg2 Kf4 55. Kf2 Ke4 56. Ke2 Kd4 57. Kd2 Kxc4 58. Kc2 Kd4 59. Kd2 c4
60. Kc2 c3 61. Kc1 Kd3 62. Kd1 Kd4 63. Kc1 Kd3 64. Kd1 Kc4 65. Kc2 Kd4 66. Kc1
Kd3 67. Kd1 Kd4 68. Kc1 1/2-1/2

[Event "16. Obert Int. Sant Martí 2014 Grupo B"]
[Site "Barcelona ESP"]
[Date "2014.07.20"]
[Round "8.52"]
[White "Pozanco Villalba, Victor"]
[Black "Gonzalez Alonso, Marti"]
[Result "0-1"]
[WhiteElo "1700"]
[BlackElo "1844"]
[PlyCount "96"]
[EventDate "2014.07.13"]
[EventType "swiss"]
[EventRounds "9"]
[EventCountry "ESP"]
[Source "lmi"]
[SourceDate "2014.07.13"]

1. Nf3 Nf6 2. d4 d5 3. e3 Bf5 4. Bd3 Ne4 5. Bxe4 Bxe4 6. Nc3 Bxf3 7. Qxf3 e6 8.
e4 Bb4 9. e5 Nc6 10. Be3 Qh4 11. Rd1 Bxc3+ 12. bxc3 O-O 13. Rb1 Na5 14. Qg3
Qxg3 15. hxg3 f6 16. f4 f5 17. Ke2 b6 18. Rh4 g6 19. g4 Nc4 20. gxf5 Rxf5 21.
g4 Rf7 22. Rg1 Raf8 23. g5 Na3 24. Kd3 Rc8 25. Rf1 c5 26. f5 c4+ 27. Kd2 Rxf5
28. Rxf5 gxf5 29. Rh6 Re8 30. g6 hxg6 31. Rxg6+ Kf7 32. Rf6+ Ke7 33. Bg5 Kd7
34. Rf7+ Kc6 35. Kc1 Nb5 36. Kb2 Nc7 37. Bh6 Rg8 38. Bf8 Ne8 39. Ba3 Rg7 40.
Rf8 Kd7 41. Rh8 Rf7 42. Kb1 f4 43. Rh1 f3 44. Bc1 f2 45. Rf1 Rf3 46. Bg5 Rg3
47. Bh4 Rg1 48. Bxf2 Rxf1+ 0-1

[Event "16. Obert Int. Sant Martí 2014 Grupo B"]
[Site "Barcelona ESP"]
[Date "2014.07.20"]
[Round "8.53"]
[White "Julian Solera, Laura"]
[Black "Serra Vilaro, Agusti"]
[Result "0-1"]
[WhiteElo "1781"]
[BlackElo "2013"]
[PlyCount "66"]
[EventDate "2014.07.13"]
[EventType "swiss"]
[EventRounds "9"]
[EventCountry "ESP"]
[Source "lmi"]
[SourceDate "2014.07.13"]

1. e4 e5 2. Nf3 Nc6 3. Bb5 a6 4. Ba4 Nf6 5. Nc3 b5 6. Bb3 Bc5 7. d3 h6 8. Be3
Qe7 9. Nd5 Nxd5 10. Bxd5 Bb7 11. Bxc5 Qxc5 12. Nxe5 O-O-O 13. O-O Nxe5 14.
Bxb7+ Kxb7 15. d4 Qe7 16. dxe5 Qxe5 17. Qd5+ Qxd5 18. exd5 Rhe8 19. Rfe1 d6 20.
h3 Re5 21. Rad1 Kb6 22. Rxe5 dxe5 23. Rd3 f6 24. b4 Rd7 25. a4 c6 26. a5+ Kc7
27. c4 bxc4 28. Rc3 cxd5 29. Kf1 Kc6 30. Rc1 Kb5 31. Rb1 d4 32. Ke2 e4 33. g4
c3 0-1

[Event "16. Obert Int. Sant Martí 2014 Grupo B"]
[Site "Barcelona ESP"]
[Date "2014.07.20"]
[Round "8.54"]
[White "Guinjoan Fradera, Joan"]
[Black "Tortosa Moros, Joan"]
[Result "0-1"]
[WhiteElo "1770"]
[BlackElo "1941"]
[PlyCount "92"]
[EventDate "2014.07.13"]
[EventType "swiss"]
[EventRounds "9"]
[EventCountry "ESP"]
[Source "lmi"]
[SourceDate "2014.07.13"]

1. e4 c5 2. Nf3 Nc6 3. d4 cxd4 4. Nxd4 g6 5. Nc3 Bg7 6. Nxc6 bxc6 7. Ne2 Qa5+
8. c3 Nf6 9. f3 O-O 10. Nd4 Qb6 11. Be2 a5 12. O-O e5 13. Qb3 Qa7 14. Be3 exd4
15. Bxd4 c5 16. Bf2 Rb8 17. Qc2 Qb6 18. b3 d5 19. e5 Bf5 20. Qd2 Nd7 21. g4 Be6
22. f4 Qc7 23. Bh4 Rfe8 24. Rf2 f5 25. g5 c4 26. Rb1 cxb3 27. axb3 Nc5 28. Qc2
Ne4 29. Rf3 Qc5+ 30. Kg2 d4 31. c4 Nc3 32. Rb2 Nxe2 33. Qxe2 Bd7 34. Rd3 Bc6+
35. Kf2 Be4 36. Rdd2 d3+ 37. Qe3 Qxe3+ 38. Kxe3 Bf8 39. Kd4 Bb4 40. Rf2 d2 41.
Rfxd2 Bxd2 42. Rxd2 Red8+ 43. Kc3 Rxd2 44. Kxd2 Rxb3 45. Bg3 a4 46. c5 a3 0-1

[Event "16. Obert Int. Sant Martí 2014 Grupo B"]
[Site "Barcelona ESP"]
[Date "2014.07.20"]
[Round "8.55"]
[White "Garcia Extremera, Manuel"]
[Black "Brunet Gil, Pol"]
[Result "1/2-1/2"]
[WhiteElo "1759"]
[BlackElo "1880"]
[PlyCount "129"]
[EventDate "2014.07.13"]
[EventType "swiss"]
[EventRounds "9"]
[EventCountry "ESP"]
[Source "lmi"]
[SourceDate "2014.07.13"]

1. d4 d5 2. c4 c6 3. Nf3 Nf6 4. Nc3 dxc4 5. e4 b5 6. a3 e6 7. b4 cxb3 8. Qxb3
a5 9. Bd3 Ba6 10. O-O Be7 11. Bb2 O-O 12. Rfd1 Qb6 13. Ne2 Rd8 14. Rac1 Nbd7
15. Bb1 Rac8 16. Qc2 Nf8 17. h3 h6 18. Ne5 c5 19. d5 exd5 20. exd5 Rxd5 21.
Rxd5 Nxd5 22. Nd7 Qg6 23. Qd2 Qe6 24. Nxf8 Kxf8 25. Qd3 g6 26. Qd2 h5 27. Qh6+
Ke8 28. Nc3 Nxc3 29. Bxc3 a4 30. Qh8+ Kd7 31. Rd1+ Kc7 32. Qh6 Kb6 33. Re1 Qd7
34. Qe3 Bf8 35. Bc2 Rc6 36. Qe8 Qxe8 37. Rxe8 Bh6 38. Be4 Rc8 39. Re7 f5 40.
Re6+ Kc7 41. Bf3 b4 42. axb4 cxb4 43. Bxb4 Bb5 44. Rxg6 Bf8 45. Bc3 Kd7 46. Rb6
Rxc3 47. Rxb5 a3 48. Rxf5 a2 49. Rf7+ Ke6 50. Ra7 Rc1+ 51. Kh2 a1=Q 52. Rxa1
Rxa1 53. Bxh5 Kf5 54. g4+ Kg5 55. Kg2 Ra2 56. Kf3 Ra3+ 57. Ke4 Rxh3 58. f4+ Kf6
59. g5+ Kg7 60. Bg4 Ra3 61. f5 Ra4+ 62. Kf3 Bd6 63. f6+ Kg6 64. Bd7 Kxg5 65.
Bxa4 1/2-1/2

[Event "16. Obert Int. Sant Martí 2014 Grupo B"]
[Site "Barcelona ESP"]
[Date "2014.07.20"]
[Round "8.56"]
[White "Mir Bellmunt, Jose"]
[Black "Fungueiriño Pique, Daniel"]
[Result "1-0"]
[WhiteElo "1758"]
[BlackElo "1864"]
[PlyCount "89"]
[EventDate "2014.07.13"]
[EventType "swiss"]
[EventRounds "9"]
[EventCountry "ESP"]
[Source "lmi"]
[SourceDate "2014.07.13"]

1. e4 e5 2. Nc3 Nc6 3. Nf3 Nf6 4. Bb5 d6 5. O-O Bd7 6. d3 Be7 7. h3 a6 8. Bxc6
Bxc6 9. Re1 b5 10. a3 Bb7 11. Bg5 Qd7 12. b4 h6 13. Be3 g5 14. Nh2 d5 15. exd5
Nxd5 16. Nxd5 Bxd5 17. Nf3 f6 18. Nh2 h5 19. Rc1 Kf7 20. c4 Be6 21. cxb5 axb5
22. Rc3 c6 23. d4 e4 24. Qc1 Bd5 25. Qd1 f5 26. f3 Kg6 27. fxe4 fxe4 28. Bc1
Bf6 29. Nf1 g4 30. hxg4 hxg4 31. Rg3 Rh4 32. Nh2 Be6 33. Rxe4 Kh5 34. Be3 Bf5
35. Rf4 Rxa3 36. Bf2 Rxg3 37. Bxg3 Rxh2 38. Bxh2 Bg5 39. Rf1 Be3+ 40. Kh1 Qd5
41. Rxf5+ Qxf5 42. Be5 Kh4 43. Qe1+ Bf2 44. Qc1 Qh5 45. Qf4 1-0

[Event "16. Obert Int. Sant Martí 2014 Grupo B"]
[Site "Barcelona ESP"]
[Date "2014.07.20"]
[Round "8.57"]
[White "Castilla Casanova, Víctor"]
[Black "Recacha Limeres, Sergi"]
[Result "0-1"]
[WhiteElo "1754"]
[BlackElo "1839"]
[PlyCount "86"]
[EventDate "2014.07.13"]
[EventType "swiss"]
[EventRounds "9"]
[EventCountry "ESP"]
[Source "lmi"]
[SourceDate "2014.07.13"]

1. e4 e6 2. Nc3 b6 3. Bc4 Ba6 4. Bxa6 Nxa6 5. Qe2 Nb4 6. d4 c5 7. Nf3 cxd4 8.
Nxd4 Bc5 9. Be3 Qf6 10. O-O-O a6 11. a3 Rc8 12. axb4 Bxb4 13. Qxa6 Ne7 14. Qxb6
Bxc3 15. bxc3 O-O 16. Qb5 Nc6 17. Nxc6 Rxc6 18. Bd4 e5 19. Bc5 Rfc8 20. Bb4 Ra8
21. Rxd7 Rca6 22. Rb7 Qf4+ 23. Kb2 Ra2+ 24. Kb3 h6 25. Rb8+ Kh7 26. Rxa8 Rxa8
27. f3 Qd2 28. Qxe5 Qd7 29. Qd5 Qa4+ 30. Kc4 Qa2+ 31. Kd4 Qa7+ 32. Qc5 Qb7 33.
Qd5 Qb6+ 34. Bc5 Qf6+ 35. Qe5 Rd8+ 36. Bd6 Rxd6+ 37. Kc4 Qxe5 38. Rb1 Rc6+ 39.
Kd3 Rxc3+ 40. Kd2 Qd4+ 41. Kc1 Qe3+ 42. Kb2 Ra3 43. c3 Qxc3# 0-1

[Event "16. Obert Int. Sant Martí 2014 Grupo B"]
[Site "Barcelona ESP"]
[Date "2014.07.20"]
[Round "8.58"]
[White "Molina Mañas, Miquel"]
[Black "Palomero Galvez, Antoni"]
[Result "1/2-1/2"]
[WhiteElo "1832"]
[BlackElo "1750"]
[PlyCount "65"]
[EventDate "2014.07.13"]
[EventType "swiss"]
[EventRounds "9"]
[EventCountry "ESP"]
[Source "lmi"]
[SourceDate "2014.07.13"]

1. d4 Nf6 2. Nf3 e6 3. g3 b6 4. Bg2 Bb7 5. O-O c5 6. c3 cxd4 7. cxd4 Be7 8. b3
O-O 9. Bb2 d6 10. Nbd2 Nbd7 11. Rc1 Rc8 12. e3 Rxc1 13. Qxc1 Qa8 14. Re1 Rc8
15. Qb1 Ne4 16. Nxe4 Bxe4 17. Qd1 Nf6 18. Nh4 Bxg2 19. Nxg2 Qe4 20. Qb1 Qc2 21.
Rc1 Qxb1 22. Rxb1 Ne4 23. Rc1 Rxc1+ 24. Bxc1 Nc3 25. Bd2 Nxa2 26. Ne1 d5 27.
Nd3 f6 28. Kf1 Kf7 29. Ke1 Bd6 30. Kd1 a5 31. Kc2 Nb4+ 32. Nxb4 axb4 33. Kd3
1/2-1/2

[Event "16. Obert Int. Sant Martí 2014 Grupo B"]
[Site "Barcelona ESP"]
[Date "2014.07.20"]
[Round "8.59"]
[White "Ferrer Ache, Jesus"]
[Black "Vargas Ramirez, Ana Maria"]
[Result "0-1"]
[WhiteElo "1728"]
[BlackElo "1796"]
[PlyCount "52"]
[EventDate "2014.07.13"]
[EventType "swiss"]
[EventRounds "9"]
[EventCountry "ESP"]
[Source "lmi"]
[SourceDate "2014.07.13"]

1. c4 e5 2. e4 Nf6 3. Nc3 Bc5 4. d3 h6 5. h3 Nc6 6. Be3 d6 7. Be2 Bd7 8. Nf3 a5
9. O-O Qc8 10. Nh2 g5 11. Kh1 Ne7 12. Nd5 Nh7 13. Bh5 Ng6 14. Ng4 Qd8 15. Nxh6
c6 16. Bxc5 dxc5 17. Ne3 Nf6 18. Nhf5 Nxh5 19. Kh2 Nhf4 20. Rh1 Bxf5 21. Nxf5
Qf6 22. f3 Nh4 23. Rg1 Nxf5 24. exf5 Qxf5 25. Kg3 Nxd3 26. Qe2 Qf4# 0-1

[Event "16. Obert Int. Sant Martí 2014 Grupo B"]
[Site "Barcelona ESP"]
[Date "2014.07.20"]
[Round "8.60"]
[White "Sarrio Vendrell, Nerea"]
[Black "Martin Palau, Roger"]
[Result "1-0"]
[WhiteElo "1792"]
[BlackElo "1750"]
[PlyCount "109"]
[EventDate "2014.07.13"]
[EventType "swiss"]
[EventRounds "9"]
[EventCountry "ESP"]
[Source "lmi"]
[SourceDate "2014.07.13"]

1. e4 e5 2. Nf3 Nc6 3. Bb5 a6 4. Ba4 Nf6 5. d3 d6 6. h3 Be7 7. Nc3 O-O 8. O-O
b5 9. Bb3 Na5 10. Ne2 c5 11. Ng3 Nxb3 12. axb3 Qc7 13. Qe2 Re8 14. Re1 h6 15.
Bd2 Bf8 16. Rad1 g6 17. Bc1 Bg7 18. Kh1 Nh7 19. Kg1 Be6 20. c4 Bd7 21. Kh1 Nf8
22. Kg1 Ne6 23. Qc2 bxc4 24. dxc4 Reb8 25. Rd3 Nf4 26. Bxf4 exf4 27. Ne2 g5 28.
Nc3 Be6 29. Nd5 Bxd5 30. exd5 a5 31. Ra1 a4 32. Rxa4 Rxa4 33. bxa4 Rxb2 34. Qd1
Ra2 35. Kh2 Rxf2 36. Ra3 Rb2 37. Qe1 Rb4 38. Qe8+ Bf8 39. a5 Rb8 40. Qc6 Qc8
41. Nd2 g4 42. Qxc8 g3+ 43. Kg1 Rxc8 44. a6 Kh7 45. Ne4 Kg6 46. a7 Ra8 47. Ra6
Kf5 48. Nc3 Bg7 49. Nb5 Bd4+ 50. Kf1 f3 51. gxf3 Kf4 52. Kg2 Re8 53. Ra2 Re1
54. Nxd4 cxd4 55. a8=Q 1-0